| 000 | 00870cam a22002892 4500 | ||
|---|---|---|---|
| 001 | 6977 | ||
| 003 | UkOxU | ||
| 005 | 20211208234340.0 | ||
| 008 | 130114s1948 nyu b 000 0 eng | ||
| 035 | _aOCLC ocm00523103 from D971015M | ||
| 040 |
_aDLC _cWSU _dOCL _dEQO _beng |
||
| 041 | _aeng | ||
| 051 |
_aQA611 _b.R3 _cCopy 2. |
||
| 082 |
_a513.83 _bRAL 1948 |
||
| 100 | 1 |
_aRadó, Tibor, _d1895- _921881 |
|
| 245 | 1 | 0 | _aLength and area. |
| 260 |
_aNew York : _bAmerican Mathematical Society, _c1948. |
||
| 300 |
_av, 572 p. _c26 cm. |
||
| 490 | 1 |
_aColloquium publications (American Mathematical Society), _vv. 30 |
|
| 504 | _aBibliography: p. 562-569. | ||
| 650 | 0 |
_aTopology. _921882 |
|
| 830 | 0 |
_vv. 30 _921883 |
|
| 830 | 0 |
_aColloquium publications (American Mathematical Society), _921790 |
|
| 942 |
_2ddc _cBK |
||
| 999 |
_c6977 _d6977 |
||